El nuevo cómputo de la evolución (Record no. 148232)
[ view plain ]
| 000 -LEADER | |
|---|---|
| campo de control de longitud fija | 00902nam a2200277 4500 |
| 001 - NÚMERO DE CONTROL | |
| campo de control | 148232 |
| 003 - IDENTIFICADOR DE NÚMERO DE CONTROL | |
| campo de control | ES-MaACL |
| 005 - FECHA Y HORA DE LA ÚLTIMA TRANSACCIÓN | |
| campo de control | 20250815085330.0 |
| 007 - CAMPO FIJO DE DESCRIPCIÓN FÍSICA--INFORMACIÓN GENERAL | |
| campo de control de longitud fija | t| |
| 008 - DATOS DE LONGITUD FIJA--INFORMACIÓN GENERAL | |
| campo de control de longitud fija | 070214s1986 mx r ||||1| spa d |
| 020 ## - NÚMERO INTERNACIONAL ESTÁNDAR DEL LIBRO | |
| Número Internacional Estándar del Libro | 84-323-0562-1 |
| 080 ## - NÚMERO DE LA CLASIFICACIÓN DECIMAL UNIVERSAL | |
| Número de la Clasificación Decimal Universal | 575.8 |
| 080 ## - NÚMERO DE LA CLASIFICACIÓN DECIMAL UNIVERSAL | |
| Número de la Clasificación Decimal Universal | 572.42 |
| 100 1# - ENTRADA PRINCIPAL--NOMBRE DE PERSONA | |
| Nombre de persona | Stanley, Steven M. |
| 9 (RLIN) | 107907 |
| 245 13 - MENCIÓN DEL TÍTULO | |
| Título | El nuevo cómputo de la evolución |
| Resto del título | : fósiles, genes y origen de las especies / |
| Mención de responsabilidad, etc. | Steven M. Stanley ; traducción de Carlos López-Fanjul de Argüelles. |
| 250 ## - MENCION DE EDICION | |
| Mención de edición | 1ª. ed. |
| 260 ## - PUBLICACIÓN, DISTRIBUCIÓN, ETC. | |
| Lugar de publicación, distribución, etc. | México : |
| Nombre del editor, distribuidor, etc. | Siglo Veintiuno, |
| Fecha de publicación, distribución, etc. | 1986. |
| 300 ## - DESCRIPCIÓN FÍSICA | |
| Extensión | 273 p. : |
| Otras características físicas | il. ; |
| Dimensiones | 21 cm. |
| 490 1# - MENCIÓN DE SERIE | |
| Mención de serie | Ciencia y técnica |
| 650 #4 - PUNTO DE ACCESO ADICIONAL DE MATERIA--TÉRMINO DE MATERIA | |
| Término de materia o nombre geográfico como elemento de entrada | Evolución. |
| 9 (RLIN) | 12625 |
| 650 04 - PUNTO DE ACCESO ADICIONAL DE MATERIA--TÉRMINO DE MATERIA | |
| Término de materia o nombre geográfico como elemento de entrada | Hombre- |
| Subdivisión general | Origen. |
| 9 (RLIN) | 13452 |
| 700 1# - ENTRADA AGREGADA--NOMBRE PERSONAL | |
| Nombre de persona | López-Fanjul de Argüelles, Carlos. |
| 9 (RLIN) | 73633 |
| 830 00 - PUNTO DE ACCESO ADICIONAL DE SERIE-TÍTULO UNIFORME | |
| Título uniforme | Ciencia y técnica |
| 9 (RLIN) | 177702 |
| 852 ## - LOCALIZACIÓN | |
| Ubicación | ES-MaACL |
| Número de control de estantería | L-10846 |
| Sublocalización o colección | R.111712 |
| Estatus retirado | Estado de pérdida | Estado de daño | No para préstamo | Biblioteca de origen | Biblioteca actual | Ubicación en estantería | Fecha de adquisición | Fuente de adquisición | Total de préstamos | Signatura topográfica completa | Código de barras | Visto por última vez | Precio de reemplazo | Tipo de ítem Koha |
|---|---|---|---|---|---|---|---|---|---|---|---|---|---|---|
| Biblioteca del Ateneo de Madrid | Biblioteca del Ateneo de Madrid | Depósito 2 | 17/01/2008 | L-10846 | 1154694 | 23/02/2023 | 23/02/2023 | Libro impreso |
